| 000 | 00936nas a2200277 i 4500 | ||
|---|---|---|---|
| 001 | 2847 | ||
| 003 | ES-MaACL | ||
| 005 | 20250217134743.0 | ||
| 007 | t| | ||
| 008 | 010406c1995 sp b| | 0 ||pa d | ||
| 022 | _a1135-5727 | ||
| 080 | _a613/614 | ||
| 245 | 0 | 0 |
_aRevista española de salud pública / _cMinisterio de Sanidad y Consumo. |
| 260 |
_aMadrid : _bMinisterio de Sanidad y Consumo, _c1995- |
||
| 300 |
_a24 v. ; _c24 cm. |
||
| 310 | _aBimestral | ||
| 362 | 0 | _aVol. 69, nº 2 (mar-abr 1995)- | |
| 530 | _aEditado CD-ROM: "Volúmenes 65-74 (años 1991-2000)" | ||
| 650 | 1 | 4 |
_aHigiene. Sanidad. _913357 |
| 710 | 1 |
_aEspaña. _bMinisterio de Sanidad y Consumo. _93923 |
|
| 780 | 0 | 0 | _aRevista de sanidad e higiene pública |
| 852 | 4 |
_aES-MaACL _jHEM-H-448 |
|
| 852 | 4 |
_aES-MaACL _jROT 2/4/25 _z.- CD-ROM |
|
| 866 | 0 |
_o1995-2010 _z.- Deja de publicarse en papel, sigue publicación digital |
|
| 999 |
_c2847 _d2847 |
||